[Event "Sebes GP op"]
[Site "Sebes"]
[Date "2023.11.04"]
[Round "2"]
[White "Costachi, Mihnea"]
[Black "Zaim, Marian"]
[Result "1-0"]
[WhiteElo "2476"]
[BlackElo "1938"]
[PlyCount "61"]
[EventDate "2023.11.04"]
[EventType "swiss"]
[EventRounds "10"]
[EventCountry "ROU"]
[SourceTitle "CB46_2023"]
[SourceDate "2023.11.15"]
[SourceVersion "1"]
[SourceVersionDate "2023.11.15"]
[SourceQuality "1"]

1. Nc3 g6 2. d4 d5 3. Bf4 Bg7 4. e3 Nf6 5. h4 h5 6. Nf3 a6 7. Be2 Bg4 8. Ne5 Bxe2 9. Qxe2 Nbd7 10. 0-0-0 Nf8 11. Bg3 c6 12. f3 Bh6 13. Kb1 Ne6 14. e4 Bf4 15. Bxf4 Nxf4 16. Qe3 Ne6 17. exd5 Nxd5 18. Nxd5 Qxd5 19. c4 Qd6 20. d5 cxd5 21. Rxd5 Qc7 22. Rhd1 Rd8 23. Rxd8+ Nxd8 24. Rd7 Qa5 25. Rxe7+ Kf8 26. Nxg6+ fxg6 27. Re8+ Kg7 28. Qd4+ Kf7 29. Qd7+ Kf6 30. Qe7+ Kf5 31. Qg5# 1-0

[Event "ROM-chT Blitz"]
[Site "Sebes"]
[Date "2022.12.04"]
[Round "8.25"]
[White "Neacsu, Mircea"]
[Black "Zaim, Marian"]
[Result "1/2-1/2"]
[WhiteElo "1901"]
[BlackElo "1935"]
[PlyCount "122"]
[EventDate "2022.12.04"]
[EventType "team-swiss (blitz)"]
[EventRounds "8"]
[EventCountry "ROU"]
[SourceTitle "CBM 211 Extra"]
[Source "ChessBase"]
[SourceDate "2023.01.31"]
[SourceVersion "1"]
[SourceVersionDate "2023.01.31"]
[SourceQuality "1"]
[WhiteTeam "Targu Mures Juvenes II"]
[BlackTeam "Medgidia"]
[WhiteTeamCountry "ROU"]
[BlackTeamCountry "ROU"]

1. d4 Nf6 2. Nf3 g6 3. g3 Bg7 4. Bg2 0-0 5. 0-0 d6 6. c4 Nbd7 7. Nc3 c6 8. e4 e5 9. dxe5 dxe5 10. Bg5 Qc7 11. Qc2 a5 12. Rac1 Nc5 13. Be3 Nfd7 14. b3 Re8 15. Rfe1 Bf8 16. h4 Na6 17. Rcd1 Ndc5 18. Rd2 h6 19. Red1 Be6 20. Ne1 Rad8 21. f3 Kh7 22. Kf2 Rxd2+ 23. Qxd2 b6 24. Nc2 Bc8 25. g4 Be6 26. h5 g5 27. Bf1 Be7 28. Be2 Rd8 29. Qe1 Rxd1 30. Qxd1 Qd7 31. Qxd7 Nxd7 32. Na4 Bd8 33. Bd3 f6 34. Ke2 Kg7 35. a3 Kf7 36. b4 axb4 37. axb4 Ke8 38. Kd2 Kf7 39. Kc3 c5 40. b5 Nc7 41. Bc1 Ke7 42. Ne3 Ne8 43. Nd5+ Bxd5 44. exd5 Nd6 45. Nb2 Nf8 46. Nd1 Nd7 47. Ne3 Nf8 48. Nf5+ Nxf5 49. Bxf5 Bc7 50. Kd3 Bd6 51. Ke4 Kf7 52. Bc8 Bc7 53. Kf5 Bd6 54. Bd2 Bc7 55. Bc3 Bd6 56. Bb2 Bc7 57. Bb7 Bd6 58. Bc6 Bc7 59. Bc3 Bd6 60. Ke4 Bc7 61. Bb7 Bd6 1/2-1/2

[Event "ROM-chT Blitz"]
[Site "Sebes"]
[Date "2022.12.04"]
[Round "1.9"]
[White "Zaim, Marian"]
[Black "Anton, Teodor"]
[Result "0-1"]
[WhiteElo "1935"]
[BlackElo "2438"]
[PlyCount "72"]
[EventDate "2022.12.04"]
[EventType "team-swiss (blitz)"]
[EventRounds "8"]
[EventCountry "ROU"]
[SourceTitle "CBM 211 Extra"]
[Source "ChessBase"]
[SourceDate "2023.01.31"]
[SourceVersion "1"]
[SourceVersionDate "2023.01.31"]
[SourceQuality "1"]
[WhiteTeam "Medgidia"]
[BlackTeam "Arad Vados"]
[WhiteTeamCountry "ROU"]
[BlackTeamCountry "ROU"]

1. Nf3 c5 2. c4 Nf6 3. g3 b6 4. Bg2 Bb7 5. 0-0 e6 6. d4 cxd4 7. Nxd4 Bxg2 8. Kxg2 Qc7 9. b3 Qb7+ 10. f3 a6 11. Nc3 Be7 12. Be3 0-0 13. Qd2 d6 14. Bf2 Nbd7 15. e4 Rfe8 16. Rfd1 Rac8 17. Rac1 Bf8 18. Qe2 g6 19. Qd2 Ne5 20. Rc2 Rcd8 21. Qc1 Bg7 22. Be3 Qa8 23. Rcd2 d5 24. Bf4 Ned7 25. cxd5 e5 26. Nc6 exf4 27. Nxd8 Qxd8 28. Ne2 fxg3 29. hxg3 Nh5 30. Rc2 Bf8 31. Nd4 Bc5 32. Nc6 Qf6 33. a3 Bd6 34. f4 Rxe4 35. Qd2 Bxf4 36. Qd3 Re3 0-1

[Event "ROM-chT Blitz"]
[Site "Sebes"]
[Date "2022.12.04"]
[Round "3.25"]
[White "Zaim, Marian"]
[Black "Stanca, Adrian"]
[Result "1/2-1/2"]
[WhiteElo "1935"]
[BlackElo "2182"]
[PlyCount "98"]
[EventDate "2022.12.04"]
[EventType "team-swiss (blitz)"]
[EventRounds "8"]
[EventCountry "ROU"]
[SourceTitle "CBM 211 Extra"]
[Source "ChessBase"]
[SourceDate "2023.01.31"]
[SourceVersion "1"]
[SourceVersionDate "2023.01.31"]
[SourceQuality "1"]
[WhiteTeam "Medgidia"]
[BlackTeam "Bucharest CSU"]
[WhiteTeamCountry "ROU"]
[BlackTeamCountry "ROU"]

1. Nf3 Nf6 2. g3 g6 3. Bg2 Bg7 4. 0-0 0-0 5. c4 d6 6. d4 Nbd7 7. Nc3 c5 8. e4 cxd4 9. Nxd4 Ne5 10. b3 Bd7 11. Bb2 Nc6 12. Nc2 Rb8 13. Qd2 a6 14. Ne3 b5 15. Ncd5 Nxd5 16. cxd5 Qa5 17. Qxa5 Nxa5 18. Bxg7 Kxg7 19. Rac1 Rbc8 20. Rfd1 Rxc1 21. Rxc1 Rc8 22. Rxc8 Bxc8 23. Bf1 h5 24. b4 Nb7 25. Nc2 Nd8 26. f4 Bb7 27. Bd3 e6 28. dxe6 fxe6 29. Kf2 e5 30. Ke3 Kf6 31. Ne1 Ne6 32. Nf3 Bc8 33. Bc2 Bb7 34. Bb3 Bc8 35. a3 Bd7 36. fxe5+ dxe5 37. Bxe6 Bxe6 38. h4 Bc4 39. Ng5 Bg8 40. Nf3 Bc4 41. Nd2 Be6 42. Nf3 Bc4 43. Ne1 Ke6 44. Ng2 Kf6 45. Ne1 Ke6 46. Nf3 Kf6 47. Nd2 Ba2 48. Kd3 Ke6 49. Ke3 Kf6 1/2-1/2

[Event "ROM-chT Rapid"]
[Site "Sebes"]
[Date "2022.12.03"]
[Round "1.9"]
[White "David, Alexandru Vasile"]
[Black "Zaim, Marian"]
[Result "1-0"]
[WhiteElo "2404"]
[BlackElo "1935"]
[PlyCount "101"]
[EventDate "2022.12.03"]
[EventType "team-swiss (rapid)"]
[EventRounds "8"]
[EventCountry "ROU"]
[SourceTitle "CBM 211 Extra"]
[Source "ChessBase"]
[SourceDate "2023.01.31"]
[SourceVersion "1"]
[SourceVersionDate "2023.01.31"]
[SourceQuality "1"]
[WhiteTeam "Arad Vados"]
[BlackTeam "Medgidia"]
[WhiteTeamCountry "ROU"]
[BlackTeamCountry "ROU"]

1. d4 Nf6 2. c4 d6 3. Nc3 Nbd7 4. e4 e5 5. Nf3 c6 6. Be2 g6 7. Be3 Bg7 8. d5 c5 9. Nd2 0-0 10. g4 Ne8 11. h4 Qe7 12. Qc2 a6 13. a4 b6 14. h5 g5 15. h6 Bf6 16. Nf1 Kh8 17. Ng3 Rg8 18. a5 bxa5 19. Rxa5 Qd8 20. Ra3 Rb8 21. Nf5 Nf8 22. Rb3 Rxb3 23. Qxb3 Qc7 24. Kd2 Ng6 25. Ra1 Nf4 26. f3 Rg6 27. Rh1 Bd8 28. Qa3 Qb8 29. Bd1 Nf6 30. Qb3 Qc7 31. Qa4 Ng8 32. Bc2 Qd7 33. Qc6 Ne7 34. Qxd7 Bxd7 35. Ba4 Bc8 36. Nxd6 Rxd6 37. Bxc5 Rf6 38. b4 Ng2 39. Ke2 Nh4 40. Be3 Nxf3 41. d6 Bxg4 42. dxe7 Bxe7 43. Nd5 Re6 44. Bd7 Nd4+ 45. Kd2 Bxb4+ 46. Nxb4 Nb3+ 47. Kc3 Nd4 48. Bxe6 Nxe6 49. Rg1 Bf3 50. Bxg5 Kg8 51. Be7+ 1-0

[Event "ROM-chT Rapid"]
[Site "Sebes"]
[Date "2022.12.03"]
[Round "6.21"]
[White "Dragomirescu, Robin Alexandru"]
[Black "Zaim, Marian"]
[Result "1-0"]
[WhiteElo "2337"]
[BlackElo "1935"]
[PlyCount "65"]
[EventDate "2022.12.03"]
[EventType "team-swiss (rapid)"]
[EventRounds "8"]
[EventCountry "ROU"]
[SourceTitle "CBM 211 Extra"]
[Source "ChessBase"]
[SourceDate "2023.01.31"]
[SourceVersion "1"]
[SourceVersionDate "2023.01.31"]
[SourceQuality "1"]
[WhiteTeam "Family Giroc"]
[BlackTeam "Medgidia"]
[WhiteTeamCountry "ROU"]
[BlackTeamCountry "ROU"]

1. b3 c5 2. e4 Nc6 3. Bb2 e6 4. Nf3 Nf6 5. e5 Nd5 6. Nc3 Nxc3 7. dxc3 d5 8. exd6 Qxd6 9. Bd3 e5 10. Qe2 g6 11. 0-0-0 Qe7 12. Bb5 Bg7 13. Bxc6+ bxc6 14. Ba3 0-0 15. Qe3 Re8 16. Bxc5 Qb7 17. Rhe1 f6 18. Nd2 Bf5 19. Nc4 Bf8 20. Bxf8 Rxf8 21. Rd6 Qc7 22. Qc5 Rac8 23. f3 g5 24. g4 Bg6 25. Red1 Be8 26. Re6 Rd8 27. Rxd8 Qxd8 28. Qxa7 Qd5 29. Re7 Bf7 30. Ne3 Qxf3 31. Nf5 Bg6 32. Rg7+ Kh8 33. Rxh7+ 1-0

[Event "Titled Tuesday intern op 18th Oct Early"]
[Site "Chess.com INT"]
[Date "2022.10.18"]
[Round "1"]
[White "Sadykov, Ramil"]
[Black "Zaim, Marian"]
[Result "1-0"]
[WhiteElo "2345"]
[BlackElo "1935"]
[PlyCount "117"]
[EventDate "2022.10.18"]
[EventType "swiss (blitz)"]
[EventRounds "11"]
[EventCountry "USA"]
[SourceTitle "EXT 2024"]
[Source "ChessBase"]
[SourceDate "2023.10.10"]
[SourceVersion "1"]
[SourceVersionDate "2023.10.10"]
[SourceQuality "1"]

1. e4 d6 2. d4 Nf6 3. Bd3 g6 4. Nf3 Bg7 5. 0-0 0-0 6. c3 Bg4 7. Nbd2 Nc6 8. Re1 e5 9. h3 Bxf3 10. Nxf3 a6 11. a4 Nd7 12. Bg5 Bf6 13. Bh6 Bg7 14. Qd2 Bxh6 15. Qxh6 Qf6 16. Rad1 Qg7 17. Qh4 a5 18. Bb5 Rad8 19. Rd2 exd4 20. cxd4 Nb4 21. e5 c6 22. Bc4 d5 23. Bf1 Rfe8 24. Nh2 f6 25. f4 fxe5 26. fxe5 Nf8 27. Ng4 Kh8 28. Nf6 Re7 29. Rf2 Ne6 30. Re3 g5 31. Qg4 h6 32. Rg3 Nf4 33. h4 Ne6 34. Qh5 Nc2 35. Rxc2 Nxd4 36. Rf2 Rxe5 37. hxg5 Rxg5 38. Rxg5 Qxg5 39. Qf7 Qg7 40. Nh5 Qxf7 41. Rxf7 Ne6 42. Nf6 Nf8 43. Bd3 b6 44. Rb7 c5 45. Rxb6 c4 46. Bc2 d4 47. Rc6 d3 48. Bd1 Rd4 49. Ne8 Kg8 50. Nf6+ Kf7 51. Ng4 Rf4 52. Ne3 Re4 53. Nxc4 Ne6 54. Nd6+ Ke7 55. Nxe4 Nd4 56. Rc3 Ne2+ 57. Bxe2 d2 58. Re3 d1Q+ 59. Bxd1 1-0

[Event "Titled Tuesday intern op 18th Oct Early"]
[Site "Chess.com INT"]
[Date "2022.10.18"]
[Round "8"]
[White "Zaim, Marian"]
[Black "Kriti, Mayur Patel"]
[Result "0-1"]
[WhiteElo "1935"]
[BlackElo "1406"]
[PlyCount "62"]
[EventDate "2022.10.18"]
[EventType "swiss (blitz)"]
[EventRounds "11"]
[EventCountry "USA"]
[SourceTitle "EXT 2024"]
[Source "ChessBase"]
[SourceDate "2023.10.10"]
[SourceVersion "1"]
[SourceVersionDate "2023.10.10"]
[SourceQuality "1"]

1. b3 d5 2. Bb2 c5 3. Nf3 Nc6 4. e3 e6 5. Be2 Nf6 6. 0-0 Bd6 7. d4 0-0 8. Nbd2 b6 9. c4 Bb7 10. Rc1 Rc8 11. Qc2 Nb4 12. Qb1 Qe7 13. Rfd1 Nd7 14. a3 Na6 15. Qa1 f6 16. Bd3 e5 17. cxd5 Nc7 18. dxe5 fxe5 19. e4 Rf7 20. Nc4 Rcf8 21. Rf1 Nxd5 22. exd5 e4 23. Bxe4 Qxe4 24. Nxd6 Qxd5 25. Nxf7 Rxf7 26. Rcd1 Qc6 27. Qb1 Rxf3 28. Rxd7 Qxd7 29. gxf3 Bxf3 30. Be5 Qh3 31. Qg6 hxg6 0-1

[Event "ROM-ch blitz"]
[Site "Bucharest"]
[Date "2022.03.13"]
[Round "6"]
[White "Grigoras, Alexandru Nicolae"]
[Black "Zaim, Marian"]
[Result "0-1"]
[WhiteElo "1761"]
[BlackElo "1953"]
[PlyCount "162"]
[EventDate "2022.03.13"]
[EventType "swiss (blitz)"]
[EventRounds "9"]
[EventCountry "ROU"]
[SourceTitle "EXT 2023"]
[Source "ChessBase"]
[SourceDate "2022.10.05"]
[SourceVersion "1"]
[SourceVersionDate "2022.10.05"]
[SourceQuality "1"]

1. d4 Nf6 2. Nf3 g6 3. e3 Bg7 4. b3 0-0 5. Bb2 d6 6. a3 Nbd7 7. Nbd2 c5 8. c3 b6 9. Be2 Bb7 10. 0-0 Qc7 11. Rc1 a6 12. dxc5 bxc5 13. c4 Rab8 14. Bd3 Ba8 15. Bc2 Qc6 16. Ne1 e5 17. Ndf3 Rfd8 18. Qe2 Nf8 19. Bc3 Ne4 20. Bxe4 Qxe4 21. Rd1 Rxb3 22. Nd2 Qb7 23. Nxb3 Qxb3 24. Qc2 Qxc4 25. Ba5 Qxc2 26. Nxc2 Rd7 27. Rb1 Be4 28. Rfc1 f5 29. Rb6 Bd3 30. Ne1 Bb5 31. a4 Bxa4 32. Rxa6 Bb5 33. Rb6 Be2 34. Rc2 Bd1 35. Rd2 Ba4 36. Rdxd6 Kf7 37. Rxd7+ Nxd7 38. Rb7 Ke6 39. Bc3 Bc6 40. Ra7 Kd5 41. Nf3 Bf8 42. Ra1 Bg7 43. Bb2 Ke6 44. Rd1 Nb6 45. Ng5+ Ke7 46. f3 h6 47. Nh3 Nc4 48. Bc1 Ke6 49. Nf2 Bf8 50. Nd3 Bd6 51. Kf2 Nb6 52. g3 Nd5 53. Bd2 c4 54. Ne1 c3 55. Bc1 Ba4 56. Rd3 Bb5 57. h4 Bxd3 58. Nxd3 Nb4 59. Ke2 Kd5 60. Nf2 h5 61. e4+ Ke6 62. exf5+ gxf5 63. Nd1 c2 64. Ne3 e4 65. fxe4 fxe4 66. Nf1 Nd3 67. Kd2 Nxc1 68. Kxc1 Kf5 69. Kxc2 Kg4 70. Ne3+ Kf3 71. Nf5 Bxg3 72. Kd2 Kg4 73. Nh6+ Kxh4 74. Ke2 Bf4 75. Nf5+ Kg4 76. Nd4 h4 77. Nc2 h3 78. Kf2 Bg5 79. Ne1 Bh4+ 80. Kf1 Bxe1 81. Kxe1 h2 0-1

[Event "ROM-ch blitz"]
[Site "Bucharest"]
[Date "2022.03.13"]
[Round "9"]
[White "Zaim, Marian"]
[Black "David, Cristian"]
[Result "0-1"]
[WhiteElo "1953"]
[BlackElo "1769"]
[PlyCount "61"]
[EventDate "2022.03.13"]
[EventType "swiss (blitz)"]
[EventRounds "9"]
[EventCountry "ROU"]
[SourceTitle "EXT 2023"]
[Source "ChessBase"]
[SourceDate "2022.10.05"]
[SourceVersion "1"]
[SourceVersionDate "2022.10.05"]
[SourceQuality "1"]

1. Nf3 b6 2. g3 Bb7 3. Bg2 e5 4. d3 d6 5. 0-0 Nd7 6. c4 f5 7. Nc3 Ngf6 8. Rb1 h6 9. Nh4 Bxg2 10. Kxg2 f4 11. Ng6 Rg8 12. gxf4 exf4 13. Bxf4 Nh5 14. Bg3 Qg5 15. Nxf8 Rxf8 16. Ne4 Qg6 17. e3 0-0-0 18. b4 Ne5 19. Rc1 Qf5 20. f4 Ng4 21. Qf3 d5 22. cxd5 Rxd5 23. Rc3 Kb8 24. h3 Ngf6 25. Nxf6 Qxf6 26. Qxd5 Nxg3 27. Rfc1 Nf5 28. Kh1 Ng3+ 29. Kh2 Rd8 30. Qf3 Nf5 31. Rxc7 0-1

[Event "ROM-ch"]
[Site "Eforie Nord"]
[Date "2022.02.27"]
[Round "9"]
[White "Zaim, Marian"]
[Black "Craciun, Sasha Matei"]
[Result "1/2-1/2"]
[WhiteElo "1964"]
[BlackElo "1871"]
[PlyCount "59"]
[EventDate "2022.02.20"]
[EventType "swiss"]
[EventRounds "9"]
[EventCountry "ROU"]
[SourceTitle "CBM 207 Extra"]
[Source "ChessBase"]
[SourceDate "2022.05.31"]
[SourceVersion "1"]
[SourceVersionDate "2022.05.31"]
[SourceQuality "1"]

1. Nf3 Nf6 2. g3 d5 3. Bg2 c5 4. 0-0 Nc6 5. d4 e6 6. b3 cxd4 7. Nxd4 Bc5 8. Bb2 0-0 9. c4 Nxd4 10. Bxd4 Bxd4 11. Qxd4 dxc4 12. Qxc4 e5 13. Nc3 Qe7 14. Rfd1 Rb8 15. Rac1 a6 16. Nd5 Nxd5 17. Bxd5 Bf5 18. Qc7 Rfe8 19. e4 Bg4 20. Qxe7 Rxe7 21. Rd3 g5 22. f3 Be6 23. Bxe6 Rxe6 24. Rd7 b5 25. Rcc7 Rf6 26. Kg2 Rbb6 27. Rc2 Rbc6 28. Rc7 Rxc7 29. Rxc7 Rd6 30. Rc2 1/2-1/2

[Event "ROM-ch"]
[Site "Eforie Nord"]
[Date "2022.02.25"]
[Round "7"]
[White "Zaim, Marian"]
[Black "Andronescu, Madalin"]
[Result "1/2-1/2"]
[WhiteElo "1964"]
[BlackElo "2122"]
[PlyCount "113"]
[EventDate "2022.02.20"]
[EventType "swiss"]
[EventRounds "9"]
[EventCountry "ROU"]
[SourceTitle "CBM 207 Extra"]
[Source "ChessBase"]
[SourceDate "2022.05.31"]
[SourceVersion "1"]
[SourceVersionDate "2022.05.31"]
[SourceQuality "1"]

1. Nf3 Nf6 2. g3 g6 3. Bg2 Bg7 4. 0-0 0-0 5. d4 d6 6. b3 c6 7. Bb2 Nbd7 8. Nbd2 d5 9. c4 Re8 10. Qc2 Qa5 11. Rfe1 Nf8 12. Bc3 Qc7 13. Ne5 Bf5 14. Qb2 Rad8 15. Qa3 Ne6 16. e3 h5 17. Rac1 dxc4 18. bxc4 c5 19. d5 Ng5 20. e4 Nfxe4 21. Nxe4 Nxe4 22. Bxe4 Bxe5 23. Bxe5 Qxe5 24. Bxf5 Qxf5 25. Qxa7 Ra8 26. Qxc5 Rxa2 27. Rb1 Rc8 28. Qe3 Rxc4 29. Rf1 Re4 30. Qc5 h4 31. Rxb7 h3 32. Rb8+ Kg7 33. Qc8 Qxc8 34. Rxc8 Rd4 35. Rc7 Kf6 36. Rd7 Re2 37. Rd8 g5 38. Rh8 g4 39. f3 gxf3 40. Rxf3+ Kg5 41. Rf1 Rxd5 42. Rxh3 f5 43. Rf2 Rdd2 44. Rxe2 Rxe2 45. Kf1 Ra2 46. Rh7 e5 47. Rh4 f4 48. Rh8 f3 49. Rf8 Kg4 50. Kg1 Re2 51. Rf7 e4 52. Rf4+ Kg5 53. h4+ Kg6 54. Kf1 Kh5 55. Kg1 Re1+ 56. Kf2 Re2+ 57. Kf1 1/2-1/2

[Event "ROM-ch"]
[Site "Eforie Nord"]
[Date "2022.02.24"]
[Round "6"]
[White "Chis, Bogdan Vasile"]
[Black "Zaim, Marian"]
[Result "0-1"]
[WhiteElo "1685"]
[BlackElo "1964"]
[PlyCount "116"]
[EventDate "2022.02.20"]
[EventType "swiss"]
[EventRounds "9"]
[EventCountry "ROU"]
[SourceTitle "CBM 207 Extra"]
[Source "ChessBase"]
[SourceDate "2022.05.31"]
[SourceVersion "1"]
[SourceVersionDate "2022.05.31"]
[SourceQuality "1"]

1. e4 c5 2. Nc3 d6 3. f4 e6 4. Nf3 Nf6 5. Bb5+ Nbd7 6. d4 a6 7. Bxd7+ Qxd7 8. e5 cxd4 9. Qxd4 dxe5 10. Qxd7+ Nxd7 11. fxe5 b5 12. Bf4 Bb7 13. 0-0-0 Bb4 14. Rhe1 Bxc3 15. bxc3 Bxf3 16. gxf3 Nb6 17. Rd4 0-0 18. Red1 Rfc8 19. R1d3 Nd5 20. Bd2 Rc5 21. f4 Rac8 22. Kb2 h5 23. Kb3 Rc4 24. f5 R4c5 25. a4 R8c7 26. fxe6 fxe6 27. a5 g6 28. Rf3 Kg7 29. Rdd3 Rc4 30. Rxd5 exd5 31. Rd3 Re4 32. Rxd5 Rc6 33. Bg5 Kf7 34. Bf6 Ke6 35. Rd3 g5 36. Bxg5 Rxe5 37. h4 Kf5 38. Rd4 Rec5 39. Rf4+ Kg6 40. Rf3 Rc4 41. Bd8 Rd6 42. Bg5 Rg4 43. Rd3 Rxd3 44. cxd3 Rxg5 45. hxg5 h4 46. c4 bxc4+ 47. Kxc4 h3 48. Kc5 h2 49. Kb6 h1Q 50. Kxa6 Qa8+ 51. Kb6 Kxg5 52. a6 Kf6 53. a7 Ke5 54. Ka6 Kd4 55. Kb6 Kxd3 56. Ka6 Kd4 57. Kb6 Kd5 58. Ka6 Kc6 0-1

[Event "ROM-ch"]
[Site "Eforie Nord"]
[Date "2022.02.20"]
[Round "1"]
[White "Filip, Lucian Ioan"]
[Black "Zaim, Marian"]
[Result "1-0"]
[WhiteElo "2391"]
[BlackElo "1964"]
[PlyCount "69"]
[EventDate "2022.02.20"]
[EventType "swiss"]
[EventRounds "9"]
[EventCountry "ROU"]
[SourceTitle "CBM 207 Extra"]
[Source "ChessBase"]
[SourceDate "2022.05.31"]
[SourceVersion "1"]
[SourceVersionDate "2022.05.31"]
[SourceQuality "1"]

1. Nf3 Nf6 2. c4 g6 3. Nc3 Bg7 4. e4 d6 5. d4 0-0 6. Be2 e5 7. Be3 Ng4 8. Bg5 f6 9. Bc1 Nc6 10. h3 Nh6 11. d5 Ne7 12. h4 Nf7 13. h5 f5 14. hxg6 Nxg6 15. Qc2 f4 16. Bd2 Ng5 17. Nxg5 Qxg5 18. g3 Qf6 19. 0-0-0 Rf7 20. Rh2 a6 21. Rdh1 Bh8 22. Rh6 fxg3 23. fxg3 Bd7 24. Kb1 Raf8 25. R6h2 Qe7 26. Nd1 Bc8 27. a3 Bd7 28. Ka2 Bc8 29. Ne3 Qe8 30. Ng4 Bg7 31. Rxh7 Rd7 32. R7h2 c5 33. Bh6 Rff7 34. Bxg7 Kxg7 35. Qd2 1-0

[Event "Titled Tuesday intern op 19th Oct"]
[Site "Chess.com INT"]
[Date "2021.10.19"]
[Round "1"]
[White "Isajevsky, Anton"]
[Black "Zaim, Marian"]
[Result "0-1"]
[WhiteElo "2403"]
[BlackElo "1964"]
[PlyCount "130"]
[EventDate "2021.10.19"]
[EventType "swiss (blitz)"]
[EventRounds "11"]
[EventCountry "USA"]
[SourceTitle "CBM 204 Extra"]
[Source "ChessBase"]
[SourceDate "2021.11.30"]
[SourceVersion "1"]
[SourceVersionDate "2021.11.30"]
[SourceQuality "1"]

1. c4 g6 2. Nf3 Bg7 3. Nc3 Nf6 4. e4 d6 5. d4 0-0 6. h3 Nbd7 7. Bg5 c5 8. d5 a6 9. a4 Qa5 10. Bd3 Ne5 11. Nxe5 dxe5 12. 0-0 Qc7 13. a5 Bd7 14. Qd2 Rfb8 15. Ra2 b6 16. axb6 Rxb6 17. Rfa1 Kf8 18. Be3 Ne8 19. Na4 Bxa4 20. Rxa4 Rab8 21. R4a2 Nd6 22. Qa5 Nb7 23. Qa3 Kg8 24. b3 h5 25. Bc2 Kh7 26. Qc1 Ra8 27. Qd2 Nd6 28. Ra5 Nb7 29. R5a4 Nd6 30. R1a2 Nb7 31. Qc1 Qd6 32. Bd3 Rxb3 33. Bc2 Rb6 34. Rb2 Rb8 35. Rxb6 Qxb6 36. Qa3 Ra8 37. f3 Bh6 38. Bf2 Bd2 39. Qa1 f6 40. Ra2 Nd6 41. Bd3 Bh6 42. Rb2 Qc7 43. Qa3 Nb7 44. Qb3 Ra7 45. Qb6 Qxb6 46. Rxb6 Bd2 47. Bc2 Bb4 48. Rc6 Kg7 49. Rc7 Kf8 50. Ba4 Ba5 51. Rd7 Bb6 52. Bc6 Nd6 53. Rxa7 Bxa7 54. Kf1 Bb6 55. Ke2 Kf7 56. Kd3 e6 57. g4 exd5 58. exd5 hxg4 59. hxg4 f5 60. gxf5 gxf5 61. Be1 Kf6 62. Bc3 f4 63. Bb2 a5 64. Bc3 Nf5 65. Bb2 Nd6 0-1

[Event "Titled Tuesday intern op 19th Oct"]
[Site "Chess.com INT"]
[Date "2021.10.19"]
[Round "2"]
[White "Jaracz, Pawel"]
[Black "Zaim, Marian"]
[Result "1-0"]
[WhiteElo "2456"]
[BlackElo "1964"]
[PlyCount "59"]
[EventDate "2021.10.19"]
[EventType "swiss (blitz)"]
[EventRounds "11"]
[EventCountry "USA"]
[SourceTitle "CBM 204 Extra"]
[Source "ChessBase"]
[SourceDate "2021.11.30"]
[SourceVersion "1"]
[SourceVersionDate "2021.11.30"]
[SourceQuality "1"]

1. e4 g6 2. d4 Bg7 3. Nc3 c5 4. dxc5 Qa5 5. Bd2 Qxc5 6. Nd5 a6 7. Be3 Qc6 8. Nb6 Bxb2 9. Nxa8 Bc3+ 10. Ke2 Bxa1 11. Qxa1 Qxc2+ 12. Kf3 Nf6 13. Kg3 Nxe4+ 14. Kh3 d5+ 15. g4 0-0 16. Kg2 Bxg4 17. Nb6 Rd8 18. h3 Bf5 19. Nf3 Nc6 20. Nd4 Nxd4 21. Qxd4 Qxa2 22. Bc4 Qc2 23. Nxd5 Re8 24. Rc1 Qxf2+ 25. Bxf2 Nxf2 26. Kxf2 e6 27. Nf6+ Kf8 28. Nxh7+ Kg8 29. Nf6+ Kf8 30. Qd6+ 1-0

[Event "Titled Tuesday intern op 19th Oct"]
[Site "Chess.com INT"]
[Date "2021.10.19"]
[Round "11"]
[White "Klimciauskas, Domantas"]
[Black "Zaim, Marian"]
[Result "1-0"]
[WhiteElo "2150"]
[BlackElo "1964"]
[PlyCount "85"]
[EventDate "2021.10.19"]
[EventType "swiss (blitz)"]
[EventRounds "11"]
[EventCountry "USA"]
[SourceTitle "CBM 204 Extra"]
[Source "ChessBase"]
[SourceDate "2021.11.30"]
[SourceVersion "1"]
[SourceVersionDate "2021.11.30"]
[SourceQuality "1"]

1. c4 g6 2. Nf3 Bg7 3. g3 c5 4. Bg2 Nc6 5. 0-0 e5 6. d3 Nge7 7. Nc3 0-0 8. Ne1 d6 9. Nc2 h6 10. a3 a5 11. Ne3 Be6 12. Ned5 f5 13. Bd2 g5 14. Rb1 Rb8 15. b4 axb4 16. axb4 b6 17. b5 Na5 18. Ra1 Qd7 19. Nxb6 Rxb6 20. Rxa5 d5 21. cxd5 Nxd5 22. Ra6 Nxc3 23. Bxc3 Qxb5 24. Rxb6 Qxb6 25. Qa1 Qd6 26. f4 c4 27. fxe5 Qb6+ 28. Bd4 Qb3 29. Rd1 Rb8 30. h4 cxd3 31. Rxd3 Qb1+ 32. Qxb1 Rxb1+ 33. Kh2 Re1 34. Rd2 Kf7 35. Bf3 g4 36. Bg2 h5 37. Bc3 Bh6 38. Rb2 f4 39. Rb7+ Ke8 40. Bc6+ Kd8 41. Bxe1 fxg3+ 42. Bxg3 Be3 43. Rh7 1-0

[Event "Titled Tuesday intern op 19th Oct"]
[Site "Chess.com INT"]
[Date "2021.10.19"]
[Round "4"]
[White "Zaim, Marian"]
[Black "Devaev, Alexander"]
[Result "1-0"]
[WhiteElo "1964"]
[BlackElo "2325"]
[PlyCount "71"]
[EventDate "2021.10.19"]
[EventType "swiss (blitz)"]
[EventRounds "11"]
[EventCountry "USA"]
[SourceTitle "CBM 204 Extra"]
[Source "ChessBase"]
[SourceDate "2021.11.30"]
[SourceVersion "1"]
[SourceVersionDate "2021.11.30"]
[SourceQuality "1"]

1. g3 d5 2. Bg2 c5 3. c4 d4 4. d3 e5 5. e3 h6 6. exd4 cxd4 7. Nf3 Nc6 8. 0-0 Bd6 9. Re1 Nge7 10. Na3 0-0 11. Nc2 Bf5 12. a3 a5 13. b3 Re8 14. Nh4 Bh7 15. Be4 f5 16. Bg2 g5 17. Nf3 Bg6 18. Bb2 Kh7 19. Qd2 Qb6 20. b4 axb4 21. axb4 Nxb4 22. Nxe5 Bxe5 23. Rxe5 Nxc2 24. Rxa8 Rxa8 25. Rxe7+ Kg8 26. Qxc2 Ra2 27. Bd5+ Kf8 28. Rxb7 Qa5 29. Qb3 Bh5 30. Bxd4 Qe1+ 31. Kg2 Ra8 32. Qb4+ Qxb4 33. Rxb4 f4 34. Bf3 g4 35. Bxa8 f3+ 36. Kf1 1-0

[Event "Titled Tuesday intern op 19th Oct"]
[Site "Chess.com INT"]
[Date "2021.10.19"]
[Round "9"]
[White "Zaim, Marian"]
[Black "Novikova, Galina"]
[Result "0-1"]
[WhiteElo "1964"]
[BlackElo "2073"]
[PlyCount "88"]
[EventDate "2021.10.19"]
[EventType "swiss (blitz)"]
[EventRounds "11"]
[EventCountry "USA"]
[SourceTitle "CBM 204 Extra"]
[Source "ChessBase"]
[SourceDate "2021.11.30"]
[SourceVersion "1"]
[SourceVersionDate "2021.11.30"]
[SourceQuality "1"]

1. g3 d5 2. Bg2 c6 3. c4 e6 4. Nf3 Nf6 5. 0-0 g6 6. b3 Bg7 7. Bb2 0-0 8. d3 b6 9. Nbd2 Bb7 10. Qc2 Nbd7 11. Rac1 Rc8 12. Qb1 c5 13. e3 Re8 14. Qa1 Nh5 15. Bxg7 Nxg7 16. d4 dxc4 17. Nxc4 Nf6 18. Rfd1 Bd5 19. dxc5 Rxc5 20. Nfe5 Qe7 21. Bxd5 exd5 22. Nd3 dxc4 23. Nxc5 bxc5 24. Rxc4 Ne6 25. Qe5 Rd8 26. Rxd8+ Qxd8 27. Kg2 Qa8+ 28. f3 Qd8 29. Rc2 h5 30. Kf2 Qd1 31. Re2 Nd7 32. Qc3 Qh1 33. Qd2 Qxh2+ 34. Ke1 Qxg3+ 35. Kd1 Ne5 36. f4 Nf3 37. Qd5 h4 38. f5 gxf5 39. Qxf5 Qg1+ 40. Kc2 Qg6 41. Qd3 h3 42. e4 Nfd4+ 43. Kb2 Nxe2 44. Qxe2 Qg2 0-1